[Event "Nikaia op 22nd"]
[Site "Nikaia"]
[Date "2014.08.29"]
[Round "4"]
[White "Malamatas, Konstantinos"]
[Black "Roumeliotis, Angelos"]
[Result "1-0"]
[WhiteElo "1987"]
[BlackElo "1790"]
[PlyCount "57"]
[EventDate "2014.08.26"]
[EventType "swiss"]
[EventRounds "9"]
[EventCountry "GRE"]
[SourceTitle "CBM 162 Extra"]
[Source "ChessBase"]
[SourceDate "2014.10.17"]
[SourceVersion "1"]
[SourceVersionDate "2014.10.17"]
[SourceQuality "1"]

1. e4 e6 2. d4 b6 3. Nc3 Bb7 4. a3 Be7 5. Bd3 c5 6. Be3 cxd4 7. Bxd4 Bf6 8. e5 Be7 9. Qg4 Kf8 10. 0-0-0 f5 11. Qh3 Nc6 12. Nge2 Rc8 13. Kb1 Nh6 14. f3 Nxd4 15. Nxd4 Rxc3 16. bxc3 Qc7 17. Rhe1 a6 18. Kb2 Qc5 19. Ra1 Nf7 20. Nb3 Qc7 21. f4 g6 22. g4 Kg7 23. gxf5 exf5 24. Bxf5 d5 25. Be6 Nd8 26. Nd4 Qc4 27. f5 Bg5 28. f6+ Kf8 29. Bd7 1-0

[Event "Nikaia op 22nd"]
[Site "Nikaia"]
[Date "2014.08.26"]
[Round "1"]
[White "Roumeliotis, Angelos"]
[Black "Karagiannis, Athanasios"]
[Result "0-1"]
[WhiteElo "1790"]
[BlackElo "2214"]
[PlyCount "98"]
[EventDate "2014.08.26"]
[EventType "swiss"]
[EventRounds "9"]
[EventCountry "GRE"]
[SourceTitle "CBM 162 Extra"]
[Source "ChessBase"]
[SourceDate "2014.10.17"]
[SourceVersion "1"]
[SourceVersionDate "2014.10.17"]
[SourceQuality "1"]

1. d4 Nf6 2. Nf3 e6 3. g3 b5 4. Bg2 Bb7 5. 0-0 c5 6. c3 Qb6 7. b3 Nc6 8. Bb2 Be7 9. Nbd2 cxd4 10. cxd4 0-0 11. e4 Rfc8 12. a3 Na5 13. Ne5 d6 14. Nd3 Rc7 15. Rc1 Rac8 16. Rxc7 Qxc7 17. Qc1 Qb6 18. Qb1 Nc6 19. Qa1 Na5 20. Rc1 Qd8 21. Rxc8 Qxc8 22. Qc1 Qxc1+ 23. Bxc1 Bd8 24. Nb4 Bb6 25. Bb2 h5 26. Kf1 Kf8 27. Ke2 Nd7 28. Kd3 Ke7 29. f4 g6 30. Nc2 f5 31. Ne3 fxe4+ 32. Bxe4 Bxe4+ 33. Kxe4 d5+ 34. Kd3 Nf6 35. Bc3 Nc6 36. Nf3 Ne4 37. Ne5 Nxe5+ 38. fxe5 Kf7 39. Be1 Ng5 40. Nf1 Nf3 41. Bc3 g5 42. b4 Kg6 43. Bb2 g4 44. Bc3 Bd8 45. Ke2 Bg5 46. Kd3 Bc1 47. Kc2 Bh6 48. Kd3 Kf5 49. Bd2 Bxd2 0-1

[Event "Athens Siaperas Memorial 6th"]
[Site "Athens"]
[Date "2010.02.24"]
[Round "6"]
[White "Roumeliotis, Angelos"]
[Black "Sienczewski, Zbigniew"]
[Result "0-1"]
[WhiteElo "1851"]
[BlackElo "2192"]
[PlyCount "108"]
[EventDate "2010.02.06"]
[EventType "swiss"]
[EventRounds "7"]
[EventCountry "GRE"]
[SourceTitle "EXT 2024"]
[Source "ChessBase"]
[SourceDate "2023.10.10"]
[SourceVersion "1"]
[SourceVersionDate "2023.10.10"]
[SourceQuality "1"]

1. e4 d6 2. Nf3 Nf6 3. Nc3 g6 4. g3 Bg7 5. Bg2 0-0 6. 0-0 c5 7. d3 Nc6 8. h3 Rb8 9. Be3 e5 10. Qd2 Nd4 11. Kh2 b5 12. Ne2 Bb7 13. c3 Ne6 14. Qc2 h5 15. Nh4 Nd7 16. f4 exf4 17. Nxf4 Nxf4 18. Bxf4 g5 19. Bxd6 gxh4 20. gxh4 Ne5 21. Bxb8 Qxb8 22. Kh1 Qd8 23. d4 cxd4 24. cxd4 Qxd4 25. Rad1 Qc4 26. Qxc4 bxc4 27. Rf5 Re8 28. Rxh5 Nd3 29. Rf1 Bxb2 30. Rg5+ Kf8 31. h5 Bg7 32. Rgf5 Ne5 33. Rc1 Bc8 34. Rff1 Be6 35. Rc2 Rb8 36. Rd1 Rc8 37. Kg1 Nd3 38. Rb1 Bd4+ 39. Kh1 Kg7 40. Bf3 Kh6 41. Bg4 Nf2+ 42. Kg2 Nxg4 43. hxg4 Bxg4 44. Kg3 Be6 45. Kf4 Rc5 46. Rg2 c3 47. Rc1 Bf6 48. Rcc2 Bc4 49. e5 Bxe5+ 50. Ke3 Bd5 51. Rgf2 Rc4 52. Kd3 Rh4 53. Rc1 Rxh5 54. Rg1 Rh3+ 0-1

[Event "Athens Siaperas Memorial 6th"]
[Site "Athens"]
[Date "2010.02.22"]
[Round "5"]
[White "Kostouros, Alexandros"]
[Black "Roumeliotis, Angelos"]
[Result "1/2-1/2"]
[WhiteElo "2201"]
[BlackElo "1851"]
[PlyCount "76"]
[EventDate "2010.02.06"]
[EventType "swiss"]
[EventRounds "7"]
[EventCountry "GRE"]
[SourceTitle "EXT 2024"]
[Source "ChessBase"]
[SourceDate "2023.10.10"]
[SourceVersion "1"]
[SourceVersionDate "2023.10.10"]
[SourceQuality "1"]

1. e4 d6 2. d4 Nf6 3. Bd3 g6 4. c4 Bg7 5. Nc3 0-0 6. f4 e5 7. fxe5 dxe5 8. d5 c6 9. Nf3 cxd5 10. cxd5 Bg4 11. Be3 Nbd7 12. h3 Bxf3 13. Qxf3 Nb6 14. 0-0 Rc8 15. Rf2 Nfd7 16. Nb5 Nc5 17. Nxa7 Nxd3 18. Bxb6 Qxb6 19. Nxc8 Qa6 20. Rc2 Nf4 21. Qa3 Qf6 22. d6 Rd8 23. Ne7+ Kh8 24. Rd1 Bf8 25. Rc8 Bxe7 26. dxe7 Rxc8 27. Qd6 Ne2+ 28. Kh1 Ng3+ 29. Kh2 Qf4 30. Qd8+ Kg7 31. e8N+ Kh6 32. Qxc8 Ne2+ 33. Kh1 Ng3+ 34. Kg1 Ne2+ 35. Kh1 Ng3+ 36. Kh2 Ne2+ 37. Kh1 Ng3+ 38. Kg1 Ne2+ 1/2-1/2

[Event "Petroupoli ASOP Dias op 3rd"]
[Site "Petroupoli"]
[Date "2007.09.26"]
[Round "2"]
[White "Dounis, Alexandros"]
[Black "Roumeliotis, Angelos"]
[Result "1-0"]
[WhiteElo "2190"]
[BlackElo "1892"]
[PlyCount "55"]
[EventDate "2007.09.22"]
[EventType "swiss"]
[EventRounds "7"]
[EventCountry "GRE"]
[SourceTitle "EXT 2024"]
[Source "ChessBase"]
[SourceDate "2023.10.10"]
[SourceVersion "1"]
[SourceVersionDate "2023.10.10"]
[SourceQuality "1"]

1. Nf3 d5 2. g3 g6 3. Bg2 Bg7 4. d4 Nf6 5. 0-0 0-0 6. c4 c6 7. Nc3 Na6 8. cxd5 cxd5 9. Qb3 Qa5 10. Bd2 e6 11. Rfd1 Nd7 12. Rac1 Qb6 13. Nb5 Ndb8 14. Bf4 Nc6 15. a4 Rd8 16. Qe3 Ne7 17. Nc7 Bd7 18. Nxa8 Rxa8 19. b3 Nf5 20. Qd3 Bf8 21. Ne5 Be8 22. Ng4 Bg7 23. Be5 Bxe5 24. Nxe5 f6 25. Ng4 Kg7 26. e4 Ne7 27. Qe3 g5 28. e5 1-0

[Event "Nikaia op 15th"]
[Site "Nikaia"]
[Date "2007.08.23"]
[Round "1"]
[White "Roumeliotis, Angelos"]
[Black "Simeonidis, Ioannis"]
[Result "0-1"]
[WhiteElo "1892"]
[BlackElo "2309"]
[PlyCount "64"]
[EventDate "2007.08.23"]
[EventType "swiss"]
[EventRounds "9"]
[EventCountry "GRE"]
[SourceTitle "CBM 120 Extra"]
[Source "ChessBase"]
[SourceDate "2007.11.01"]
[SourceVersion "1"]
[SourceVersionDate "2007.11.01"]
[SourceQuality "1"]

1. d4 Nf6 2. Nf3 g6 3. g3 c5 4. Bg2 cxd4 5. Nxd4 Bg7 6. c3 0-0 7. e4 Nc6 8. Be3 d5 9. Nxc6 bxc6 10. Bc5 Ba6 11. Qa4 Bb5 12. Qa3 Re8 13. exd5 cxd5 14. Nd2 Bd3 15. Bf1 Bxf1 16. Rxf1 Qd7 17. 0-0-0 a5 18. Rfe1 e6 19. f4 Reb8 20. Nf3 Qb7 21. Re2 Ne4 22. Nd4 Qa6 23. Rc2 Rb7 24. b4 Nxc5 25. bxc5 Bf8 26. c4 dxc4 27. Qc3 Bxc5 28. Qxc4 Ba3+ 29. Kd2 Qd6 30. Ke2 Rd8 31. Qd3 Rbd7 32. Rc4 Bc5 0-1

[Event "Heraklio op-B 11th"]
[Site "Heraklion"]
[Date "2007.06.16"]
[Round "8"]
[White "Kolomvas, Dimitrios"]
[Black "Roumeliotis, Angelos"]
[Result "1-0"]
[WhiteElo "1680"]
[BlackElo "1515"]
[PlyCount "65"]
[EventDate "2007.06.09"]
[EventType "swiss"]
[EventRounds "9"]
[EventCountry "GRE"]
[SourceTitle "EXT 2008"]
[Source "ChessBase"]
[SourceDate "2007.11.25"]
[SourceVersion "1"]
[SourceVersionDate "2007.11.25"]
[SourceQuality "1"]

1. d4 d5 2. c4 c5 3. e3 dxc4 4. Bxc4 cxd4 5. exd4 Qb6 6. Nf3 e6 7. 0-0 Nf6 8. Nc3 Bb4 9. Bf4 Bxc3 10. bxc3 0-0 11. Qd3 h6 12. Bb3 Bd7 13. Bc2 Bc6 14. Rfe1 Bxf3 15. Qxf3 Rd8 16. Bxh6 Ne8 17. Rab1 Qa5 18. Re5 Qxa2 19. Qd3 Rd7 20. Qh7+ Kf8 21. Bb3 Qxb1+ 22. Qxb1 gxh6 23. Qh7 Nc6 24. Rxe6 fxe6 25. Qxd7 Nd8 26. Bxe6 Nxe6 27. Qxe6 a5 28. Qxh6+ Kf7 29. Qf4+ Nf6 30. Qc7+ Ke8 31. Qxb7 Rd8 32. Qb5+ Nd7 33. Qxa5 1-0

[Event "Heraklio op-B 11th"]
[Site "Heraklion"]
[Date "2007.06.15"]
[Round "7"]
[White "Roumeliotis, Angelos"]
[Black "Dimitropoulos, Georgios"]
[Result "1-0"]
[WhiteElo "1515"]
[BlackElo "1430"]
[PlyCount "91"]
[EventDate "2007.06.09"]
[EventType "swiss"]
[EventRounds "9"]
[EventCountry "GRE"]
[SourceTitle "EXT 2008"]
[Source "ChessBase"]
[SourceDate "2007.11.25"]
[SourceVersion "1"]
[SourceVersionDate "2007.11.25"]
[SourceQuality "1"]

1. Nf3 Nf6 2. b3 d5 3. Bb2 e6 4. e3 Be7 5. c4 0-0 6. Be2 Nbd7 7. d3 b6 8. Nd4 Bb7 9. 0-0 c5 10. Nf3 Qc7 11. d4 Bd6 12. cxd5 Bxd5 13. Nbd2 cxd4 14. Rc1 Qb8 15. Bxd4 e5 16. Bb2 e4 17. Ng5 Bxh2+ 18. Kh1 Be5 19. Ba3 Bd6 20. Bxd6 Qxd6 21. Ndxe4 Qe5 22. Nxf6+ Nxf6 23. Nf3 Bxf3 24. Bxf3 Rad8 25. Qc2 Nd5 26. Qe4 Qxe4 27. Bxe4 Nf6 28. Bb1 Rc8 29. Bf5 Rxc1 30. Rxc1 g6 31. Rc6 gxf5 32. Rxf6 Rd8 33. Rxf5 Rd2 34. a4 Rb2 35. a5 Rxb3 36. axb6 axb6 37. Rg5+ Kf8 38. Rh5 Kg7 39. g4 Rb1+ 40. Kg2 b5 41. f4 b4 42. Kf3 b3 43. Rb5 b2 44. Ke4 Kf6 45. g5+ Kg6 46. Rb7 1-0

[Event "Panagiotis Apergis op"]
[Site "Ano Liosia"]
[Date "2007.05.04"]
[Round "4"]
[White "Sideris, Theodoros"]
[Black "Roumeliotis, Angelos"]
[Result "1-0"]
[WhiteElo "2090"]
[BlackElo "1829"]
[PlyCount "31"]
[EventDate "2007.04.24"]
[EventType "swiss"]
[EventRounds "7"]
[EventCountry "GRE"]
[SourceTitle "EXT 2008"]
[Source "ChessBase"]
[SourceDate "2007.11.25"]
[SourceVersion "1"]
[SourceVersionDate "2007.11.25"]
[SourceQuality "1"]

1. e4 d5 2. exd5 Qxd5 3. Nc3 Qa5 4. Bc4 Nf6 5. d3 c6 6. Bd2 Qc7 7. Nge2 e5 8. Ng3 Bc5 9. Nce4 Be7 10. Nxf6+ gxf6 11. Qh5 Bd8 12. Ne4 Kd7 13. Bb4 Be7 14. Bxe7 Kxe7 15. Qxf7+ Kd8 16. Qxf6+ 1-0

[Event "Panagiotis Apergis op"]
[Site "Ano Liosia"]
[Date "2007.04.27"]
[Round "2"]
[White "Agrapidis, Theodoros"]
[Black "Roumeliotis, Angelos"]
[Result "1-0"]
[WhiteElo "2011"]
[BlackElo "1829"]
[PlyCount "49"]
[EventDate "2007.04.24"]
[EventType "swiss"]
[EventRounds "7"]
[EventCountry "GRE"]
[SourceTitle "EXT 2008"]
[Source "ChessBase"]
[SourceDate "2007.11.25"]
[SourceVersion "1"]
[SourceVersionDate "2007.11.25"]
[SourceQuality "1"]

1. e4 d5 2. exd5 Qxd5 3. Nc3 Qa5 4. d4 Nf6 5. Bd2 c6 6. Nf3 Bf5 7. Bc4 e6 8. Nd5 Qd8 9. Ne3 Bg6 10. 0-0 Bd6 11. c3 Nbd7 12. Re1 Qc7 13. Bb3 Bh5 14. h3 Bf4 15. g4 Bxe3 16. Bxe3 Bg6 17. Ne5 0-0-0 18. Bf4 Nxe5 19. Bxe5 Qa5 20. Qf3 h5 21. g5 Nd7 22. Bf4 h4 23. Bxe6 Rde8 24. d5 Bh5 25. Bxd7+ 1-0

[Event "Ambelokipi op 76th"]
[Site "Athens"]
[Date "2007.03.24"]
[Round "5"]
[White "Roumeliotis, Angelos"]
[Black "Kiriazis, Dimitrios"]
[Result "0-1"]
[WhiteElo "1803"]
[BlackElo "1903"]
[PlyCount "72"]
[EventDate "2007.03.13"]
[EventType "swiss"]
[EventRounds "7"]
[EventCountry "GRE"]
[SourceTitle "EXT 2008"]
[Source "ChessBase"]
[SourceDate "2007.11.25"]
[SourceVersion "1"]
[SourceVersionDate "2007.11.25"]
[SourceQuality "1"]

1. e4 c5 2. b4 cxb4 3. a3 bxa3 4. Nxa3 d6 5. Bc4 e6 6. Bb2 Nf6 7. Qe2 Be7 8. Nb5 Nc6 9. Nf3 0-0 10. d4 Nxe4 11. Qxe4 d5 12. Qg4 dxc4 13. d5 Bf6 14. dxc6 Bxb2 15. cxb7 Bxb7 16. Ra2 c3 17. 0-0 a5 18. Ra4 Ba6 19. Qh5 Qb6 20. Rh4 h6 21. Nbd4 Bxf1 22. Ne5 Ba6 23. Rg4 Bc1 24. h4 Rad8 25. Ndc6 Rd1+ 26. Kh2 Qxf2 27. Nf3 Qxc2 28. Ne7+ Kh8 29. Qe5 f6 30. Qxe6 Bd3 31. h5 Ba3 32. Nh4 Bxe7 33. Qxe7 Rg8 34. Qf7 Qb1 35. Qe6 Rh1+ 36. Kg3 Qe1+ 0-1

[Event "Peiraikos 60th Anniv op"]
[Site "Piraeus"]
[Date "2006.09.06"]
[Round "5"]
[White "Spirou, Panagiotis"]
[Black "Roumeliotis, Angelos"]
[Result "1-0"]
[WhiteElo "2078"]
[BlackElo "1875"]
[PlyCount "89"]
[EventDate "2006.09.02"]
[EventType "swiss"]
[EventRounds "7"]
[EventCountry "GRE"]
[SourceTitle "EXT 2008"]
[Source "ChessBase"]
[SourceDate "2007.11.25"]
[SourceVersion "1"]
[SourceVersionDate "2007.11.25"]
[SourceQuality "1"]

1. e4 d6 2. d4 e5 3. Nf3 Nc6 4. Bc4 Be7 5. 0-0 exd4 6. Nxd4 Nxd4 7. Qxd4 Bf6 8. Qd5 Qd7 9. Na3 a6 10. c3 Rb8 11. f4 b5 12. Bb3 Bb7 13. Qd3 Be7 14. Nc2 c5 15. c4 Qc6 16. cxb5 Qxe4 17. Qxe4 Bxe4 18. bxa6 Bd3 19. Re1 Bxa6 20. Ne3 Kd7 21. Bxf7 Rf8 22. Bc4 Bxc4 23. Nxc4 Bf6 24. Bd2 Bd4+ 25. Kh1 Rf7 26. Rad1 Ne7 27. g3 Nc6 28. Bc3 Re7 29. a4 Rxe1+ 30. Rxe1 Rb8 31. a5 d5 32. Nb6+ Kd6 33. f5 Rd8 34. g4 Bxc3 35. bxc3 Nxa5 36. Nxd5 Nc6 37. Nf4 Rb8 38. Rd1+ Ke5 39. Nd3+ Kd6 40. Nb4+ Nd4 41. Nc2 Rb1 42. Rxb1 Nxc2 43. Rb7 Kd5 44. Rxg7 Ne3 45. f6 1-0

[Event "Peiraikos 60th Anniv op"]
[Site "Piraeus"]
[Date "2006.09.05"]
[Round "4"]
[White "Roumeliotis, Angelos"]
[Black "Dounis, Alexandros"]
[Result "1/2-1/2"]
[WhiteElo "1875"]
[BlackElo "2152"]
[PlyCount "57"]
[EventDate "2006.09.02"]
[EventType "swiss"]
[EventRounds "7"]
[EventCountry "GRE"]
[SourceTitle "EXT 2008"]
[Source "ChessBase"]
[SourceDate "2007.11.25"]
[SourceVersion "1"]
[SourceVersionDate "2007.11.25"]
[SourceQuality "1"]

1. d4 Nf6 2. Nf3 g6 3. g3 Bg7 4. Bg2 0-0 5. 0-0 d5 6. b3 c5 7. Bb2 Nc6 8. c3 cxd4 9. cxd4 Ne4 10. e3 b6 11. Nc3 Ba6 12. Ne2 Rc8 13. Ne1 Qd7 14. f3 Nd6 15. Rf2 Nf5 16. Bh3 e6 17. g4 Nd6 18. Ng3 f5 19. f4 fxg4 20. Bxg4 Nf5 21. Nxf5 exf5 22. Be2 Bxe2 23. Rxe2 Na5 24. Nf3 Nb7 25. Ba3 Rfd8 26. Rc1 Nd6 27. Bxd6 Qxd6 28. Rec2 Rxc2 29. Qxc2 1/2-1/2

[Event "Nikaia op 14th"]
[Site "Nikaia"]
[Date "2006.08.??"]
[Round "8"]
[White "Koerant, Filipos"]
[Black "Roumeliotis, Angelos"]
[Result "1-0"]
[WhiteElo "2111"]
[BlackElo "1875"]
[PlyCount "29"]
[EventDate "2006.08.??"]
[EventType "swiss"]
[EventRounds "9"]
[EventCountry "GRE"]
[SourceTitle "EXT 2008"]
[Source "ChessBase"]
[SourceDate "2007.11.25"]
[SourceVersion "1"]
[SourceVersionDate "2007.11.25"]
[SourceQuality "1"]

1. d4 d5 2. c4 c6 3. Nf3 Nf6 4. e3 Qb6 5. Qc2 Nbd7 6. Nc3 g6 7. cxd5 cxd5 8. Nb5 h6 9. Nc7+ Kd8 10. Nxa8 Qc6 11. Qxc6 bxc6 12. Bd2 Bb7 13. Ba5+ Kc8 14. Nc7 Nb6 15. Na6 1-0

[Event "Nikaia op 14th"]
[Site "Nikaia"]
[Date "2006.08.??"]
[Round "2"]
[White "Siamidis, Dimitrios"]
[Black "Roumeliotis, Angelos"]
[Result "1-0"]
[WhiteElo "2189"]
[BlackElo "1875"]
[PlyCount "89"]
[EventDate "2006.08.??"]
[EventType "swiss"]
[EventRounds "9"]
[EventCountry "GRE"]
[SourceTitle "EXT 2008"]
[Source "ChessBase"]
[SourceDate "2007.11.25"]
[SourceVersion "1"]
[SourceVersionDate "2007.11.25"]
[SourceQuality "1"]

1. e4 d6 2. d4 e5 3. c3 Be7 4. h3 Nf6 5. Bd3 Nbd7 6. Nf3 0-0 7. Qc2 c6 8. Be3 Qc7 9. Nbd2 d5 10. dxe5 Nxe5 11. Nxe5 Qxe5 12. Nf3 Qh5 13. e5 Ne4 14. Bxe4 dxe4 15. Qxe4 Be6 16. Nd4 Bd5 17. Qf5 Qxf5 18. Nxf5 Rfe8 19. 0-0 Bf8 20. Bf4 g5 21. Bg3 Rad8 22. Rfe1 Rd7 23. b3 Be6 24. Nd4 Red8 25. h4 h6 26. hxg5 hxg5 27. Re4 Bc5 28. Nxe6 fxe6 29. Rg4 Rg7 30. Kf1 Kf7 31. Ke2 Kg6 32. Rh1 Rgd7 33. Bf4 Be7 34. Be3 Kf5 35. Rc4 Kxe5 36. f4+ gxf4 37. Bxf4+ Kf5 38. Rh5+ Kg6 39. Rh6+ Kf7 40. Be3 e5 41. Rg4 Rd6 42. Rh7+ Ke6 43. Rg6+ Kd7 44. Rgg7 Re6 45. Bxa7 1-0

[Event "Athens Attikis op"]
[Site "Athens"]
[Date "2006.06.04"]
[Round "5"]
[White "Patrinos, Ilias"]
[Black "Roumeliotis, Angelos"]
[Result "1-0"]
[WhiteElo "1736"]
[BlackElo "1917"]
[PlyCount "129"]
[EventDate "2006.06.01"]
[EventType "swiss"]
[EventRounds "9"]
[EventCountry "GRE"]
[SourceTitle "EXT 2024"]
[Source "ChessBase"]
[SourceDate "2023.10.10"]
[SourceVersion "1"]
[SourceVersionDate "2023.10.10"]
[SourceQuality "1"]

1. d4 e5 2. dxe5 Nc6 3. f4 Bc5 4. Nf3 Nge7 5. Nc3 a6 6. e3 b5 7. Bd3 Bb7 8. 0-0 b4 9. Ne4 Bb6 10. Neg5 h6 11. Nh3 d6 12. exd6 Qxd6 13. Kh1 0-0-0 14. Qe2 a5 15. Nd2 Rhe8 16. Nc4 Qd7 17. Nxb6+ cxb6 18. Ba6 f5 19. Bxb7+ Kxb7 20. Nf2 Nd5 21. Rd1 Qe7 22. Qf3 Nf6 23. Rxd8 Rxd8 24. Nd3 Rd5 25. Bd2 Qe4 26. b3 Rxd3 27. cxd3 Qxd3 28. Be1 Ne4 29. Bf2 Na7 30. Bg1 Nb5 31. Qd1 Qxd1 32. Rxd1 Nbc3 33. Ra1 b5 34. a3 Nd2 35. axb4 Nxb3 36. Re1 a4 37. e4 Nxe4 38. Re3 Kc6 39. g4 g6 40. Kg2 Kd5 41. h4 Kc4 42. h5 gxh5 43. gxf5 Nbd2 44. Bf2 Kxb4 45. Be1 Kc5 46. Bxd2 Nxd2 47. Re5+ Kc4 48. f6 a3 49. Rxh5 a2 50. Rh1 Nb1 51. f7 a1Q 52. f8Q Qb2+ 53. Kg3 Qa3+ 54. Qxa3 Nxa3 55. Rxh6 b4 56. f5 Kd5 57. Rb6 Ke5 58. Kg4 Nc2 59. Kg5 Nd4 60. f6 Ne6+ 61. Kg6 Nf8+ 62. Kf7 Nd7 63. Rb5+ Kd6 64. Rxb4 Ne5+ 65. Kg7 1-0

[Event "Ambelokipi op 65th"]
[Site "Athens"]
[Date "2005.09.28"]
[Round "4"]
[White "Kosmas Lekkas, Dimitrios"]
[Black "Roumeliotis, Angelos"]
[Result "1/2-1/2"]
[WhiteElo "1996"]
[BlackElo "1813"]
[PlyCount "81"]
[EventDate "2005.09.17"]
[EventType "swiss"]
[EventRounds "7"]
[EventCountry "GRE"]
[SourceTitle "EXT 2007"]
[Source "ChessBase"]
[SourceDate "2006.11.23"]
[SourceVersion "1"]
[SourceVersionDate "2006.11.23"]
[SourceQuality "1"]

1. d4 d5 2. c4 c5 3. dxc5 e6 4. cxd5 Bxc5 5. Nc3 Nf6 6. Bg5 Qb6 7. e3 Nxd5 8. Bb5+ Nc6 9. Nge2 Bb4 10. Qd2 0-0 11. Bxc6 bxc6 12. a3 Qa5 13. Bh4 Ba6 14. Rc1 Nxc3 15. Nxc3 Bxc3 16. Rxc3 g5 17. e4 h6 18. Bg3 Qa4 19. b4 e5 20. f3 Rfd8 21. Qc1 Rd7 22. Bxe5 Qb5 23. Kf2 Qxe5 24. Rxc6 Qd4+ 25. Kg3 Rd6 26. Qc5 Qxc5 27. Rxc5 Rc8 28. Rxc8+ Bxc8 29. Rc1 Be6 30. a4 Bb3 31. a5 a6 32. Rb1 Ba4 33. Rb2 Rd3 34. Kf2 Rb3 35. Rxb3 Bxb3 36. b5 Be6 37. bxa6 Bc8 38. a7 Bb7 39. Ke3 Kf8 40. Kd4 Ke7 41. Ke5 1/2-1/2